|
|
|
|
| LEADER |
00000nam a2200000 a 4500 |
| 005 |
20150129172714.0 |
| 007 |
cr ||||||||||| |
| 008 |
141126s2014 sp || |||||||| ||spa |
| 020 |
|
|
|a 9788490851784
|
| 035 |
|
|
|a 12573
|
| 040 |
|
|
|a vLex
|
| 080 |
|
|
|a 347.736(460)
|
| 090 |
|
|
|c 5330
|d 5330
|
| 245 |
1 |
3 |
|a El Procedimiento concursal en toda su dimensin̤
|h [Recurso electrn̤ico] /
|c Pedro B. Martn̕ Molina, Jos ̌M® del Carre Da̕z-Gl̀vez, M® Antonia Lopo Lp̤ez (coordinadores) ; (autores:) Pablo Arraiza Jimňez, ... [et al.]
|
| 256 |
|
|
|a Servicio en ln̕ea
|
| 260 |
|
|
|a [Madrid] :
|b Dykinson,
|c 2014
|
| 300 |
|
|
|a 1 recurso electrn̤ico
|
| 504 |
|
|
|a Bibliografa̕
|
| 506 |
1 |
|
|a Contenido solo disponible en los productos indicados
|d vLex Global
|d vLex Global (Academic Edition, excluding Law Schools)
|d vLex Global (U.S. Academic Edition, Law Schools)
|d vLex Global (U.S. Academic Edition, excluding Law Schools)
|d vLex Global (Academic Edition, Law Schools)
|
| 650 |
0 |
4 |
|a Derecho concursal
|z Espaą
|x Aspectos legales
|
| 700 |
1 |
|
|a Martn̕ Molina, Pedro Bautista
|
| 700 |
1 |
|
|a Carre Da̕z-Gl̀vez, Jos ̌Mara̕ del
|
| 700 |
1 |
|
|a Lopo Lp̤ez, Mara̕ Antonia
|
| 700 |
1 |
|
|a Arraiza Jimňez, Pablo
|
| 740 |
0 |
|
|a vLex Libros (Servicio en ln̕ea)
|
| 830 |
|
0 |
|a Coleccin̤ jurd̕ica (Fe d'erratas)
|
| 856 |
4 |
0 |
|z Acceso restringido
|u http://vlex.com/source/procedimiento-concursal-toda-dimension-12573
|
| 942 |
|
|
|c BOOK
|
| 999 |
0 |
|
|a Commercial law
|